000 01105nam a2200277 a 4500
001 BRCA_909
005 20190320203213.0
008 051122s2006----u--a#####c---#000-0#eng-#
020 _a093290081X
040 _aDLC
_cDLC
_dGZM
041 _aeng
044 _au
050 4 _aNK6498.F4
_b.C56 2006
100 1 _aClowes, Jody
_93013
245 1 0 _aMetalsmiths and Mentors
_bFred Fenster and Eleanor Moty at the University of Wisconsin-Madison
_cby Jody Clowes.
260 _aMadison, Wisconsin
_bChazen Museum of Art : University of Wisconsin-Madison
_c2006
300 _a125 p.
_bil. a color
_c28 cm.
500 _aCatálogo de la exposición realizada en The Chazen Museum of Art, University of Wisconsin-Madison (Madison), 29 abril - 23 julio, 2006
600 1 4 _aFenster, Fred
_d1934-
_vExposiciones
_93014
600 1 4 _aMoty, Eleanor
_vExposiciones
_93015
610 2 4 _aUniversity of Wisconsin-Madison
_vExposiciones
_xConsejeros
_93016
650 1 4 _aArte metalisteria
_vExposiciones
_zWisconsin - Madison
_93017
700 1 _aFenster, Fred
_d1934-
_93018
700 1 _aMoty, Eleanor
_93019
942 _2lcc
_cB
999 _c802
_d802